Statistics for Most Underpopulated Countries

Click here to take the quiz!

General Stats

  • This quiz has been taken 17,850 times
    (17,833 since last reset)
  • The average score is 16 of 20

Answer Stats

PeopleCountry% Correct
873 milRussia
96%
557 milCanada
95%
432 milAustralia
93%
89.9 milMongolia
90%
292 milBrazil
87%
233 milUnited States
87%
120 milArgentina
85%
143 milKazakhstan
84%
96.5 milAlgeria
83%
44.5 milD. R. Congo
79%
97.8 milLibya
78%
59.1 milChad
77%
92.2 milSaudi Arabia
75%
49.5 milNiger
74%
66.4 milSudan
74%
52.5 milMali
72%
42.7 milPeru
68%
56.5 milMauritania
67%
46.6 milNamibia
64%
53.5 milBolivia
56%

Score Distribution

Percentile by Number Answered

Percent of People with Each Score

Your Score History

You have not taken this quiz since the last reset